000 00582nam a2200229Ia 4500
003 OSt
005 20220918191106.0
006 a|||||r|||| 00| 0
007 ta
008 220917b |||||||| |||| 00| 0 eng d
024 _a61,416
037 _cTextual
040 _aARTS
_cARTS
_beng
041 _2eng
_aeng
082 _aV:R, J1;N3
100 _aDussen Jan Van Der
_974890
245 0 _aIdea of history
260 _aOxford
_bClarendon Press
_c1993
650 _aHISTORY
942 _hV:R, J1;N3
_cTEXL
_2CC
999 _c188268
_d188268